• 首页
  • 本馆介绍
  • 公告通知
  • 最新文献
  • 馆藏检索
  • 电子资源
  • 读者导购
  • 参考咨询
  • 我的图书馆
  • 登录
  • 详细信息显示
  • 放入我的书架
  • 预约/预借图书
  • 作者相关作品
  • 分类相关作品
  • 丛书相关作品
  • 出版社相关作品

书目信息

  • 表格格式
  • 工作单格式
  • 卡片格式
题名:
传承与秩序
    
 
作者: 蒋万来 著
分册:  
出版信息: 北京   知识产权出版社  2016
页数: 333页
开本: 23cm
丛书名: IP知识产权专题研究书系
单 册:
中图分类: D922.164
科图分类:
主题词: 非物质文化遗产--fei wu zhi wen hua yi chan--法律保护--行政法--研究--中国
电子资源:
ISBN: 978-7-5130-4072-3
000 01084nam0 22002651 450
001 0127154704
005 20170327154704.0
010    @a978-7-5130-4072-3@dCNY65.00
100    @a20160406d2016 em y0chiy50 ea
101 0  @achi
102    @aCN@b110000
105    @ay z 000yy
106    @ar
200 1  @a传承与秩序@Achuan cheng yu zhi xu@e我国非物质文化遗产保护的法律机制@f蒋万来著
210    @a北京@c知识产权出版社@d2016
215    @a333页@d23cm
225 2  @aIP知识产权专题研究书系@AIPzhi shi chan quan zhuan ti yan jiu shu xi
330    @a本书介绍了非物质文化遗产的概念、保护、基本理念及相关法律,同时对不同国家的保护机制进行了比较,提出了非物质文化遗产法律保护的整理思路和机制建设。
461  0 @12001 @aIP知识产权专题研究书系
517 1  @a我国非物质文化遗产保护的法律机制@Awo guo fei wu zhi wen hua yi chan bao hu de fa lv ji zhi
606 0  @a非物质文化遗产@Afei wu zhi wen hua yi chan@x法律保护@x行政法@x研究@y中国
690    @aD922.164@v5
701  0 @a蒋万来@Ajiang wan lai@f(1970~)@4著
801  0 @aCN@bTANGWEI@c20170308
905    @b0963613-5@dD922.164@e1540@f3
    
    传承与秩序:我国非物质文化遗产保护的法律机制/蒋万来著.-北京:知识产权出版社,2016
    333页;23cm.-(IP知识产权专题研究书系)
    
    
    ISBN 978-7-5130-4072-3:CNY65.00
    本书介绍了非物质文化遗产的概念、保护、基本理念及相关法律,同时对不同国家的保护机制进行了比较,提出了非物质文化遗产法律保护的整理思路和机制建设。
●
相关链接 在E读中查询图书 在五车中查询图书 在当当中查询图书 在豆瓣中查询图书


正题名:传承与秩序     索取号:D922.164/1540         预约/预借

序号 登录号 条形码 馆藏地/架位号 状态 备注
1 0963613   209636134   第一样本阅览室/ [索取号:D922.164/1540] 在馆    
2 0963614   209636143   第一借阅区/ [索取号:D922.164/1540] 在馆    
3 0963615   209636152   密集书库-史法系/ [索取号:D922.164/1540] 在馆    
欢迎您!
大连网信软件有限公司© 版权所有